Historia de la filosofía
Salvato in:
| Autore principale: | |
|---|---|
| Natura: | Libro |
| Lingua: | spagnolo |
| Pubblicazione: |
Santiago
Letras
1937
|
| Soggetti: | |
| Tags: |
Aggiungi Tag
Nessun Tag, puoi essere il primo ad aggiungerne!!
|
MARC
| LEADER | 00000nam a2200000 a 4500 | ||
|---|---|---|---|
| 001 | UCY5724 | ||
| 003 | CL-VaPUC | ||
| 008 | 950512e19370000CL |||||||||||||||||spa|d | ||
| 082 | 0 | 4 | |a 109 |b DUR |2 21 |
| 100 | 0 | |a Durant, Will |e author |9 334853 | |
| 245 | 1 | 0 | |a Historia de la filosofía |
| 300 | |a 653 p | ||
| 942 | |c BK | ||
| 945 | |d 19950512 00:00:00 |a cmena | ||
| 260 | |a Santiago |b Letras |c 1937 | ||
| 650 | 0 | |a Filosofía |9 223554 | |
| 650 | 7 | |a HISTORIA DE LA FILOSOFIA SIGLO 18 |2 CL-VaPUC |9 334854 | |
| 650 | 7 | |a HISTORIA DE LA FILOSOFIA SIGLO 17 |2 CL-VaPUC |9 334855 | |
| 650 | 7 | |a HISTORIA DE LA FILOSOFIA SIGLO 16 |2 CL-VaPUC |9 334856 | |
| 650 | 7 | |a HISTORIA DE LA FILOSOFIA SIGLO 19 |2 CL-VaPUC |9 334857 | |
| 650 | 7 | |a HISTORIA DE LA FILOSOFIA SIGLO 20 |2 CL-VaPUC |9 334858 | |
| 583 | |a last modification |c 20160810 04:54:36 |k Rodrigo Vera | ||
| 999 | |c 233346 |d 233344 | ||
| 952 | |0 0 |1 0 |4 0 |6 109_000000000000000_DUR_1937 |7 0 |8 P |9 238804 |a BIBEDU |b BIBEDU |c BIBEDU_PB |d 2019-11-18 |i 1502182 |o 109 DUR 1937 |p 1502182 |r 2024-01-25 |w 2019-11-18 |y BK |k EDU | ||